• 首页
  • 本馆介绍
  • 公告通知
  • 最新文献
  • 馆藏检索
  • 电子资源
  • 读者导购
  • 参考咨询
  • 我的图书馆
  • 登录
  • 详细信息显示
  • 放入我的书架
  • 预约/预借图书
  • 作者相关作品
  • 分类相关作品
  • 丛书相关作品
  • 出版社相关作品

书目信息

  • 表格格式
  • 工作单格式
  • 卡片格式
题名:
行政公文写作概要
    
 
作者: 高潮 主编
分册:  
出版信息: 武汉   湖北教育出版社  1984
页数: 186页
开本: 19cm
丛书名:
单 册:
中图分类: H152.3 , H15
科图分类:
主题词: 公文-写作 , 写作-公文 , 汉语--写作 , 汉语--修辞
电子资源:
ISBN:
000 00668nam0 2200265 450
001 1571413234
005 20150120195051.39
010    @dCNY0.71
091    @a7306.107
100    @a19950411d1984 em y0chiy0110 ea
101 0  @achi
102    @aCN@b420000
105    @ay z 000yy
200 1  @a行政公文写作概要@9xing zheng gong wen xie zuo gai yao@f高潮主编
210    @a武汉@c湖北教育出版社@d1984
215    @a186页@d19cm
606 0  @a公文-写作
606 0  @a写作-公文
606 0  @a汉语@x写作
606 0  @a汉语@x修辞
690    @aH152.3@v5
690    @aH15@v4
701  0 @a高潮@9gao chao@4主编
801  0 @aCN@bTSSF@c20150120
905    @aZUCC@dH15@eJY80
    
    行政公文写作概要/高潮主编.-武汉:湖北教育出版社,1984
    186页;19cm
    
    
    ISBN :CNY0.71
    
●
相关链接 在E读中查询图书 在五车中查询图书 在当当中查询图书 在豆瓣中查询图书


正题名:行政公文写作概要     索取号:H15/JY80         预约/预借

序号 登录号 条形码 馆藏地/架位号 状态 备注
1 7850312   278503120   学院路分馆/ [索取号:H15/JY80] 在馆    
唐山师范学院图书馆 欢迎您!
大连网信软件有限公司© 版权所有